LEADER 06111 am 22006373u 450 001 996309121103316 005 20221206100041.0 010 $a3-11-054158-0 024 7 $a10.1515/9783110541588 035 $a(CKB)4100000008351069 035 $a(DE-B1597)480642 035 $a(OCoLC)1102797167 035 $a(DE-B1597)9783110541588 035 $a(PPN)244169845 035 $a(MiAaPQ)EBC6637732 035 $a(Au-PeEL)EBL6637732 035 $a(EXLCZ)994100000008351069 100 $a20200406h20192019 fg 101 0 $ager 135 $aurc|#---||||| 181 $ctxt$2rdacontent 182 $cc$2rdamedia 183 $acr$2rdacarrier 200 10$aTractatus mythologicus $eTheorie und Methodik zur Erforschung von Mythen als Grundlegung einer allgemeinen, transmedialen und komparatistischen Stoffwissenschaft /$fChristian Zgoll 210 1$aBerlin ;$aBoston : $cDe Gruyter, $d[2019] 210 4$d©2019 215 $a1 online resource (xxiv, 627 pages) $cdigital file(s) 225 0 $aMythological Studies ;$v1 311 08$aPrint version: Zgoll, Christian. Tractatus mythologicus : Theorie und Methodik zur Erforschung von Mythen als Grundlegung einer allgemeinen, transmedialen und komparatistischen Stoffwissenschaft. Berlin ; Boston : De Gruyter, 2019, 9783110541199 311054119X 320 $aIncludes bibliographical references and index. 327 $tFrontmatter -- $tVorwort -- $tInhalt -- $tAbkürzungsverzeichnis -- $tVerzeichnis der Abbildungen und tabellarischen Übersichten -- $t1. Grundsätzliches -- $t2. Stoffe und ihre Konkretionen: untrennbar, aber nicht identisch -- $t3. Stoffbegriff, literaturhistorische Story- Forschung und allgemeine Stoffwissenschaft (Hylistik) -- $t4. Die Suche nach "dem" Stoff und verschiedene Lösungsvorschläge, oder: Niobes Hybris -- $t5. Der Stoff, aus dem die Stoffe sind: Stoffvarianten als Hylemsequenzen -- $t6. Definition und erste Differenzierung des Stoffbegriffs -- $t7. Stoff und Stoffschema: Weitere Differenzierung des Stoffbegriffs -- $t8. Stoffgrenzen: Zur Abgeschlossenheit und Abgrenzung von Stoffen bzw. Stoffvarianten -- $t9. Stoffvergleiche: Skizzierung einer komparatistischen Hylistik -- $t10. Stoffarten: Mythos, Märchen, Sage ... -- $t11. Mythos: Wann ist ein Stoff ein mythischer Stoff? -- $t12. Mythen im Wandel. Das Spannungsverhältnis zwischen Varianz und Invarianz von mythischen Stoffen, oder: Das Lächeln der Mona Lisa -- $t13. Mythen und der Tod des Autors: Stratifikationstheorie I -- $t14. Indizien und Beispiele für Stoff-Stoff- Interferenzen (Stratifikationsmethodik I und Stratifikationsbeispiele I) -- $t15. Die Merkwürdigkeit der Mythen: Stratifikationstheorie II -- $t16. Formale und logische Indizien für Stratifikationsprozesse in Mythen: Inkonsistenzen (Stratifikationsmethodik II) -- $t17. Mythen als mehrfach überbaute Gebäude: Inkonsistenzen in einzelnen mythischen Stoffvarianten (Stratifikationsbeispiele II) -- $t18. Brisanz der Mythen: Stratifikationstheorie III -- $t19. Semantische Indizien für Stratifikationsprozesse in Mythen: Wertungen und Hierarchisierungen (Stratifikationsmethodik III) -- $t20. Kampfspuren im Sand der Arena: Erzähltaktiken in Mythen als Umsetzungen von Wertungs- und Hierarchisierungsstrategien (Stratifikationsbeispiele III) -- $t21. Mythenschichten: Analyse, Synthese und historische Verortung -- $t22. Zusammenfassende Vertiefung am Beispiel mythischer Figuren -- $t23. Ergebnisse im Überblick -- $t24. Ein Ausblick und ein Rückblick -- $tDeutsch-englisches Glossar zentraler Begriffe zu Theorie und Methodik -- $tLiteraturverzeichnis -- $tNamens-, Sach- und Stellenregister 330 $aProgrammatischer Auftakt der Reihe MythoS: Die vom Autor entwickelten Methoden der Hylemanalyse und der Stratifikationsanalyse stecken den Rahmen einer neuen Mythosforschung ab. Auf der Grundlage eines präzisierten Stoffbegriffs, der Stoffe als Sequenzen kleinster Stoffbausteine (Hyleme) begreift, die nicht auf bestimmte mediale Konkretionen festgelegt sind, werden Mythen durch Hylemanalysen nicht als Texte oder Bilder, sondern als Stoffe erforschbar. Mythen, so zeigt der theoretische Zugriff, sind durch vielfältige Einflüsse und Überarbeitungen umkämpfte und daher komplex geschichtete Stoffe. Stratifikationsanalysen eröffnen die Möglichkeit, dieser Vielschichtigkeit durch einen entsprechend differenzierten Interpretationsansatz gerecht zu werden. Darüber hinaus werden quantitativ und qualitativ objektivierbare Kriterien für Mythenvergleiche erarbeitet. Theorie und Methodik werden durch exemplarische Untersuchungen v. a. anhand griechisch-römischer und altorientalischer Mythen veranschaulicht. Mit einer wegweisenden Arbeit wird hier das Fundament gelegt für die Ausarbeitung einer Mythostheorie auf der Basis einer neu aufgestellten allgemeinen, transmedialen und komparatistischen Stoffwissenschaft (Hylistik). 330 $aThe volume is a programmatic manifesto for the new series MythoS. The author develops new methods - the hyleme analysis and the stratification analysis - and applies them on mythological materials, reconstructing myths as "Stoffe" and making them understandable in their polymorphic nature. In this groundbreaking work, the author sets the stage for a general theory of myth based on a new comprehensive, transmedial and comparative Stoff-research. 410 0$aMythoS. 606 $aAntike 606 $aKomparatistik 606 $aMythos 606 $aNarratologie 606 $aLITERARY CRITICISM / Ancient & Classical$2bisacsh 610 $aAntike. 610 $aKomparatistik. 610 $aMythos. 610 $aNarratologie. 615 4$aAntike. 615 4$aKomparatistik. 615 4$aMythos. 615 4$aNarratologie. 615 7$aLITERARY CRITICISM / Ancient & Classical. 676 $a100 700 $aZgoll$b Christian, $4aut$4http://id.loc.gov/vocabulary/relators/aut$0443134 801 0$bDE-B1597 801 1$bDE-B1597 906 $aBOOK 912 $a996309121103316 996 $aTractatus mythologicus$92188687 997 $aUNISA LEADER 04118oam 2200769 c 450 001 9910973886903321 005 20260302090207.0 010 $a3-506-70261-0 024 7 $a10.30965/9783657702619 035 $a(CKB)4100000011250076 035 $a(OCoLC)1183350919 035 $a(nllekb)BRILL9783657702619 035 $a(MiAaPQ)EBC6539010 035 $a(Au-PeEL)EBL6539010 035 $a(OCoLC)1246577409 035 $a(Brill | Scho?ningh)9783657702619 035 $a(Brill | Schöningh)9783657702619 035 $a(EXLCZ)994100000011250076 100 $a20260302d2020 uy 0 101 0 $ager 135 $aurun####uuuua 181 $ctxt$2rdacontent 182 $cc$2rdamedia 183 $2rdacarrier 200 10$aRainer Barzel$eEine Biographie$fKai Wambach 205 $a1st ed. 210 $aPaderborn$cBrill | Schöningh$d2020 215 $a1 online resource 311 08$a3-657-70261-X 320 $aIncludes bibliographical references and index. 327 $aCopyright page -- Einleitung -- Teil I Aufschwungsjahre -- Kapitel 1 (1924-1945) Idylle und Schrecken -- Kapitel 2 (1945-1957) Der Weg zur Politik -- Kapitel 3 (1957-1963) Aufstieg - Das "Wunderkind aus Du?sseldorf" im Parlament -- Kapitel 4 Perspektiven: Barzel in der "A?ra Adenauer" -- Teil II Hochkonjunktur -- Kapitel 5 (1963-1965) Die Rolle seines Lebens -- Kapitel 6 (1966-1969) Politische Achterbahn -- Kapitel 7 (1969-1972) Der Oppositionsfu?hrer -- Kapitel 8 Widriger Zeitgeist: Barzel in der "A?ra Brandt" -- Teil III Deflation -- Kapitel 9 (1972-1980) Von Versuchen, Scheitern, Schicksalsschla?gen -- Kapitel 10 (1980-1984) Noch einmal Achterbahn -- Kapitel 11 (1985-2006) Ein Leben nach der Politik -- Schlussbetrachtung -- -- Danksagung -- Quellen- und Literaturverzeichnis -- Abku?rzungsverzeichnis -- Personenregister. 330 $aPolitisches Wunderkind, ?Königsmörder? und beinahe Bundeskanzler ? Wer war der Mann, der Willy Brandt stürzen wollte? Rainer Barzel ist eine der prägenden politischen Persönlichkeiten der bundesdeutschen Geschichte zwischen Adenauer und Kohl. Mehrfach stand er kurz davor, Bundeskanzler zu werden. Sein Scheitern beim Konstruktiven Misstrauensvotum gegen Willy Brandt im April 1972 ging in die kollektive Erinnerung der Westdeutschen ein. Barzels zeitgeschichtliche Bedeutung aber reicht weit darüber hinaus: Trotz jeweils nur kurzer Amtszeiten als Bundesminister, Präsident des Deutschen Bundestages und Vorsitzender der CDU Deutschlands war er über Jahrzehnte eine Schlüssel?gur der CDU in der Bonner Republik und prägte fast eine Dekade die Unionsfraktion als deren Vorsitzender in Regierungsverantwortung und Opposition. Auf Grundlage einer Fülle oft bislang unbekannter Quellen und zahlreicher Zeitzeugengespräche legt Kai Wambach erstmals eine umfassende Biographie Barzels vor. Er nähert sich einer ebenso schillernden wie sensiblen Persönlichkeit, die bis heute stark polarisiert, deren partei- wie staatspolitisches Gewicht aber stets außer Frage stand. 606 $aAdenauer 606 $aKohl 606 $aBrandt 606 $aHelmut Schmidt 606 $aBonner Republik 606 $aCDU/CSU-Fraktion 606 $aCDU 606 $aCSU 606 $aKonstruktives Misstrauensvotum 606 $aOst- und Deutschlandpolitik 606 $aBonn republic 606 $aCDU/CSU parliamentary group 606 $aconstructive vote of no confidence 615 4$aAdenauer 615 4$aKohl 615 4$aBrandt 615 4$aHelmut Schmidt 615 4$aBonner Republik 615 4$aCDU/CSU-Fraktion 615 4$aCDU 615 4$aCSU 615 4$aKonstruktives Misstrauensvotum 615 4$aOst- und Deutschlandpolitik 615 4$aBonn republic 615 4$aCDU/CSU parliamentary group 615 4$aconstructive vote of no confidence 676 $a943.087 700 $aWambach$b Kai$4aut$01723365 801 0$bMiAaPQ 801 1$bMiAaPQ 801 2$bMiAaPQ 906 $aBOOK 912 $a9910973886903321 996 $aRainer Barzel$94124556 997 $aUNINA